ARRUPE JESUIT UNIVERSITY

CORONAVIRUS -STOP THE SPREAD - CLEAN,DISINFECT,COVER

Ethnicity and democracy in Africa (Record no. 100834)

MARC details
000 -LEADER
fixed length control field 00473nam a2200193Ia 4500
003 - CONTROL NUMBER IDENTIFIER
control field 0100
005 - DATE AND TIME OF LATEST TRANSACTION
control field 20171207103333.0
008 - FIXED-LENGTH DATA ELEMENTS--GENERAL INFORMATION
fixed length control field 130307s9999 xx 000 0 und d
040 ## - CATALOGING SOURCE
Transcribing agency ARRUPELIB
050 ## - LIBRARY OF CONGRESS CALL NUMBER
Classification number GN645.E8323 2004
300 ## - PHYSICAL DESCRIPTION
Other physical details 336p. 23cm
245 ## - TITLE STATEMENT
Title Ethnicity and democracy in Africa
260 ## - PUBLICATION, DISTRIBUTION, ETC. (IMPRINT)
Place of publication, distribution, etc Oxford
Name of publisher, distributor, etc James Currey
Date of publication, distribution, etc 2004
300 ## - PHYSICAL DESCRIPTION
Extent xiv
650 ## - SUBJECT ADDED ENTRY--TOPICAL TERM
Topical term or geographic name as entry element Political antropology
Geographic subdivision Africa
9 (RLIN) 37984
650 ## - SUBJECT ADDED ENTRY--TOPICAL TERM
Topical term or geographic name as entry element Ethnicity
General subdivision Political aspects
Geographic subdivision Africa
9 (RLIN) 37985
700 ## - ADDED ENTRY--PERSONAL NAME
Personal name Berman, Bruce ; Eyoh, Dickson ; Kymlicka, Will
9 (RLIN) 37986
942 00 - ADDED ENTRY ELEMENTS (KOHA)
Koha issues (borrowed), all copies 4
Source of classification or shelving scheme Library of Congress Classification
Koha item type Monograph ( Printed materials)
Holdings
Withdrawn status Lost status Source of classification or shelving scheme Damaged status Not for loan Collection code Home library Current library Shelving location Date acquired Total Checkouts Full call number Barcode Date last seen Date checked out Copy number Price effective from Koha item type
    Library of Congress Classification     Main Collection ARRUPE LIBRARY ARRUPE LIBRARY   07/03/2013 10 GN645.E8323 2004 46003087698 07/03/2023 06/02/2023 1 07/03/2013 Monograph ( Printed materials)

 

Arrupe Library. PO Box MP320 Mt Pleasant, Harare, Zimbabwe
263 242 745411|librarian@aju.ac.zw